Catalog

Record Details

Catalog Search



Evolutionary Scheduling Cover Image E-book E-book

Evolutionary Scheduling

Dahal, Keshav P. (editor.). Tan, Kay Chen. (editor.). Cowling, Peter I. (editor.). SpringerLink (Online service) (Added Author).

Record details

  • ISBN: 9783540485841
  • Physical Description: electronic
    electronic resource
    access
    remote
    XI, 628 p. 198 illus. Also available online. online resource.
  • Publisher: Berlin, Heidelberg : Springer Berlin Heidelberg, 2007.
Subject: Engineering
Artificial intelligence
Engineering mathematics
Engineering
Appl.Mathematics/Computational Methods of Engineering
Artificial Intelligence (incl. Robotics)

Electronic resources


LDR 01672nam a22004335i 4500
00117123
003CONS
00520131218093755.0
007cr nn 008mamaa
008100301s2007 gw | s |||| 0|eng d
020 . ‡a9783540485841 ‡9978-3-540-48584-1
0247 . ‡a10.1007/978-3-540-48584-1 ‡2doi
035 . ‡a(DE-He213)978-3-540-48584-1
050 4. ‡aTA329-348
050 4. ‡aTA640-643
072 7. ‡aTBJ ‡2bicssc
072 7. ‡aMAT003000 ‡2bisacsh
1001 . ‡aDahal, Keshav P. ‡eeditor.
24510. ‡aEvolutionary Scheduling ‡h[electronic resource] / ‡cedited by Keshav P. Dahal, Kay Chen Tan, Peter I. Cowling.
264 1. ‡aBerlin, Heidelberg : ‡bSpringer Berlin Heidelberg, ‡c2007.
300 . ‡aXI, 628 p. 198 illus. Also available online. ‡bonline resource.
336 . ‡atext ‡btxt ‡2rdacontent
337 . ‡acomputer ‡bc ‡2rdamedia
338 . ‡aonline resource ‡bcr ‡2rdacarrier
347 . ‡atext file ‡bPDF ‡2rda
4901 . ‡aStudies in Computational Intelligence, ‡x1860-949X ; ‡v49
650 0. ‡aEngineering.
650 0. ‡aArtificial intelligence.
650 0. ‡aEngineering mathematics.
65014. ‡aEngineering.
65024. ‡aAppl.Mathematics/Computational Methods of Engineering.
65024. ‡aArtificial Intelligence (incl. Robotics).
7001 . ‡aTan, Kay Chen. ‡eeditor.
7001 . ‡aCowling, Peter I. ‡eeditor.
7102 . ‡aSpringerLink (Online service)
7730 . ‡tSpringer eBooks
77608. ‡iPrinted edition: ‡z9783540485827
830 0. ‡aStudies in Computational Intelligence, ‡x1860-949X ; ‡v49
85640. ‡uhttp://biblioteca.ipicyt.edu.mx:2048/login?url=http://dx.doi.org/10.1007/978-3-540-48584-1 ‡yTexto completo ‡9CONS
950 . ‡aEngineering (Springer-11647)
901 . ‡a17123 ‡b ‡c17123 ‡tbiblio ‡sSystem Local

Additional Resources